000
00217nam a2200085Ia 4500
008
120527s9999 xx 000 0 und d
100
_a
MEGSON,T.H.G
245
_a
Aircrat structures for engineering students.
942
_c
BK
999
_c
23720
_d
23720